Violencia de poder en la pareja (Record no. 190331)

MARC details
000 -CABECERA
campo de control de longitud fija 01696cab a2200277 ab4500
005 - FECHA Y HORA DE LA ÚLTIMA TRANSACCIÓN
campo de control 20231108094345.0
008 - ELEMENTOS DE LONGITUD FIJA--INFORMACIÓN GENERAL
campo de control de longitud fija 991125c2016 ck fr p o 000 0 spa d
035 ## - NÚMERO DE CONTROL DEL SISTEMA
Número de control de sistema UPN01000218231
040 ## - FUENTE DE LA CATALOGACIÓN
Centro catalogador/agencia de origen MX-MxUPN
Lengua de catalogación spa
Centro/agencia transcriptor MX-MxUPN
Normas de descripción aacr2
049 ## - COLECCIÓN
Colección ART-E
100 1# - ASIENTO PRINCIPAL--NOMBRE PERSONAL
Nombre de persona Zapata Arango, Ericssol
100 1# - ASIENTO PRINCIPAL--NOMBRE PERSONAL
Filiación Patiño Mahecha, Lizeth
100 1# - ASIENTO PRINCIPAL--NOMBRE PERSONAL
Nombre de persona Pérez Ruiz, Valentina
245 10 - MENCIÓN DE TÍTULO
Título Violencia de poder en la pareja
Medio [recurso electrónico en línea]
506 0# - NOTA DE RESTRICCIONES AL ACCESO
Limitaciones de acceso Acceso abierto
520 3# - NOTA DE RESUMEN, ETC.
Sumario, etc. El presente texto es de carácter reflexivo, y evoca autores que han trazado caminos escriturales, que hoy, en las voces de las autoras de este artículo, a manera de provocación inicial, se presenta en las Jornadas de Lectura de Ensayos. La violencia de poder en las parejas ha incrementado en relación con la última década, debido a la falta de comunicación propia de la relación de pareja, además, de la influencia directa del micro sistema de un individuo, conformado por la familia, la cultura y la sociedad, en la que el sujeto realiza su aprendizaje vicario. En este sentido, la importancia del estudio en mención, radica en presentar qué aspectos determinan que en una relación, formalizada y estructurada, se ejerza violencia, psicológica y física, por poder en la pareja. Poiesis
653 0# - TERMINO DE INDIZACION - NO CONTROLADO
Término no controlado Violencia de pareja
653 0# - TERMINO DE INDIZACION - NO CONTROLADO
Término no controlado Poder
653 0# - TERMINO DE INDIZACION - NO CONTROLADO
Término no controlado Comunicación
653 0# - TERMINO DE INDIZACION - NO CONTROLADO
Término no controlado Relaciones de pareja
773 ## - ENLACE AL DOCUMENTO FUENTE/ENTRADA DE REGISTRO ANFITRIÓN
Parte(s) relacionada(s) No. 30 (2016), p. 172-177
Título Poiesis: revista electrónica de psicología social
Número Internacional Normalizado para Publicaciones Seriadas 1692-0945
856 4# - LOCALIZACIÓN Y ACCESO ELECTRÓNICOS
Identificador Uniforme del Recurso <a href="http://www.funlam.edu.co/revistas/index.php/poiesis/article/view/1864/1489">http://www.funlam.edu.co/revistas/index.php/poiesis/article/view/1864/1489</a>
902 ## - ELEMENTOS DE DATOS B LOCAL, LDB (RLIN)
Modificó Leonor Sotres/071123
905 ## - TIPO DE MATERIAL
Tipo de material Articulo
942 ## - ELEMENTOS DE PUNTO DE ACCESO ADICIONAL (KOHA)
Tipo de ítem Koha Artículo Electrónico
Holdings
Estado de retiro Estado de pérdida Estado dañado No para préstamo Código de colección Localización permanente Ubicación/localización actual Ubicación en estantería Fecha de adquisición Total de préstamos Fecha visto por última vez Identificador Uniforme del Recurso Precio válido a partir de Tipo de ítem Koha
        Acceso abierto Bib. Gregorio Torres Quintero Bib. Gregorio Torres Quintero En línea 07/11/2023   07/11/2023 http://www.funlam.edu.co/revistas/index.php/poiesis/article/view/1864/1489 07/11/2023 Artículo Electrónico